Statistieken voor Bij welke stad hoort de voetbalclub?

Klik hier om de quiz te nemen!

Algemene statistieken

  • Deze quiz is 441 keer genomen
  • De gemiddelde score is 20 van 30

Antwoordstatistieken

VraagAntwoord% Correct
PSGParijs
98%
Tottenham HotspurLonden
89%
Nantes FCNantes
85%
StrasbourgStraatsburg
84%
VitesseArnhem
82%
RKCWaalwijk
81%
AZAlkmaar
80%
SpartaRotterdam
79%
BVBDortmund
76%
Crystal PalaceLonden
76%
Willem IITilburg
76%
Schalke 04Gelsenkirchen
74%
FiorentinaFlorence
73%
AS MonacoMonte Carlo
71%
AtalantaBergamo
69%
HSVHamburg
69%
LazioRome
69%
FC UnionBerlijn
67%
Hertha BSCBerlijn
66%
EvertonLiverpool
62%
West Ham UnitedLonden
61%
GirondinsBordeaux
58%
Aston VillaBirmingham
50%
EspanyolBarcelona
46%
Real BetisSevilla
45%
LevanteValencia
42%
GetafeMadrid
39%
SampdoriaGenua
37%
OsasunaPamplona
32%
SPALFerrara
25%

Scoreverdeling

Percentiel versus Aantal Correcte Antwoorden

Procent van Mensen met Elke Score

Uw Scoregeschiedenis

U heeft deze quiz nog niet genomen